书目信息 |
| 题名: |
育儿万事通
|
|
| 作者: | 邓静云 主编 | |
| 分册: | ||
| 出版信息: | 南京 江苏科学技术出版社 1994.10 |
|
| 页数: | 807页 | |
| 开本: | 32开 | |
| 丛书名: | ||
| 单 册: | ||
| 中图分类: | R174 | |
| 科图分类: | ||
| 主题词: | 妇幼卫生 | |
| 电子资源: | ||
| ISBN: | 7-5345-1836-9 | |
| 000 | 00538nam0 2200193 45 | |
| 001 | 0008071650 | |
| 005 | 20000807161101.2 | |
| 010 | @a7-5345-1836-9@d25.00元 | |
| 100 | @a20000807d1994 km y0chiy0120 ea | |
| 101 | 0 | @achi |
| 105 | @a z 000yy | |
| 200 | 1 | @a育儿万事通@AYu Er Wan Shi Tong@f邓静云主编@FDeng Jing Yun Zhu Bian |
| 210 | @a南京@c江苏科学技术出版社@d1994.10 | |
| 215 | @a807页@d32开 | |
| 606 | 0 | @a妇幼卫生 |
| 690 | @aR174@v3 | |
| 701 | 0 | @a邓静云@4主编 |
| 801 | @aCN@bPftUser@c20000807 | |
| 905 | @b92485-489@dR174@eD915@f5 | |
| 育儿万事通/邓静云主编.-南京:江苏科学技术出版社,1994.10 |
| 807页;32开 |
| ISBN 7-5345-1836-9:25.00元 |
| ● |
| 相关链接 |
|
|
|
正题名:育儿万事通
索取号:R174/D915
 
预约/预借
| 序号 | 登录号 | 条形码 | 馆藏地/架位号 | 状态 | 备注 |
| 1 | 92485 | 200924857 | 自科库401/ [索取号:R174/D915] | 在馆 | |
| 2 | 92486 | 200924866 | 自科库401/ [索取号:R174/D915] | 在馆 | |
| 3 | 92487 | 200924875 | 自科库401/ [索取号:R174/D915] | 在馆 | |
| 4 | 92488 | 200924884 | 自科库401/ [索取号:R174/D915] | 在馆 | |
| 5 | 92489 | 200924893 | 自科库401/401自科库 8排1列1层/ [索取号:R174/D915] | 在馆 |